000 00331nam a2200121Ia 4500
008 220120s9999||||xx |||||||||||||| ||und||
082 _a823 CAB
100 _aCabot, Meg
_911875
245 4 _aThe princes diaries volume 3
260 _aHarper Trophy
_bNew Delhi
_c2002
300 _aX,311p.;28cm
_b150
650 _aPROGRAMMING LANGUAGE
999 _c137413
_d137413